<?xml version="1.0" encoding="UTF-8"?>
<record
    xmlns:xsi="http://www.w3.org/2001/XMLSchema-instance"
    xsi:schemaLocation="http://www.loc.gov/MARC21/slim http://www.loc.gov/standards/marcxml/schema/MARC21slim.xsd"
    xmlns="http://www.loc.gov/MARC21/slim">

  <leader>01743nam a22002537a 4500</leader>
  <datafield tag="999" ind1=" " ind2=" ">
    <subfield code="c">22033</subfield>
    <subfield code="d">22033</subfield>
  </datafield>
  <controlfield tag="003">AR-CdUCM</controlfield>
  <controlfield tag="008">190425b           ||||| |||| 00| 0 spa d</controlfield>
  <datafield tag="040" ind1=" " ind2=" ">
    <subfield code="a">MUNICIPALIDAD PROVINCIAL DEL CUSCO</subfield>
    <subfield code="c">BIBLIOTECA MUNICIPAL DEL CUSCO</subfield>
  </datafield>
  <datafield tag="082" ind1=" " ind2=" ">
    <subfield code="a">TupacAmaru/N&#xB0;5/1965</subfield>
  </datafield>
  <datafield tag="245" ind1=" " ind2=" ">
    <subfield code="a">Revista Tupac Amaru :</subfield>
    <subfield code="b">&#xD3;rgano eventual de la provincia de Canas /</subfield>
  </datafield>
  <datafield tag="260" ind1=" " ind2=" ">
    <subfield code="a">Cusco :</subfield>
    <subfield code="b">H. G. Rozas,</subfield>
    <subfield code="c">1965.</subfield>
  </datafield>
  <datafield tag="300" ind1=" " ind2=" ">
    <subfield code="a">66 p&#xE1;ginas. :</subfield>
    <subfield code="c">28 cm.</subfield>
  </datafield>
  <datafield tag="440" ind1=" " ind2=" ">
    <subfield code="a">Revista Tupac Amaru.</subfield>
    <subfield code="n">A&#xF1;o IV, Vol. IV, N&#xB0;5, 1965</subfield>
    <subfield code="9">47207</subfield>
  </datafield>
  <datafield tag="505" ind1=" " ind2=" ">
    <subfield code="a">Contenido: Presencia de Canas. Octavio Linares. -- Canas escenario de la revoluci&#xF3;n de 1780. Juan de la Cruz Salas S&#xE1;nchez. -- Programa de salud de la posta m&#xE9;dica de Yanaoca para el a&#xF1;o de 1965. Agust&#xED;n Vela C&#xF3;rdova. -- El cr&#xE9;dito agrario. Pedro Valc&#xE1;rcel Gamarra. -- Tupac Amaru y la creaci&#xF3;n de la audiencia del Cuzco. Alcides E. estrada. -- Historia de la reforma agraria. Alfredo Urrutia Lezama. -- Do&#xF1;a Micaela Bastidas Phuyuqhawa es otro simbolo excelso de la mujer andina. Juan de la Cruz Salas. -- La mujer cane&#xF1;a en la revoluci&#xF3;n emancipadora de Am&#xE9;rica. Felicia Montufar de Medrano. -- 184 aniversario de la muerte de Tupac Amaru II. Te&#xF3;filo Uscamayta. -- Nace un colegio para la altiva provincia de Canas. Toribio Cornejo Herrera. -- Nuestro homenaje d&#xED;a del Cusco. Germ&#xE1;n Linares Guti&#xE9;rrez. -- Poes&#xED;a, arte.  Justo B&#xE9;jar Navarro.</subfield>
  </datafield>
  <datafield tag="650" ind1=" " ind2=" ">
    <subfield code="a">T&#xFA;pac Amaru</subfield>
    <subfield code="9">623</subfield>
  </datafield>
  <datafield tag="650" ind1=" " ind2=" ">
    <subfield code="a">Levantamientos andinos</subfield>
    <subfield code="9">44095</subfield>
  </datafield>
  <datafield tag="650" ind1=" " ind2=" ">
    <subfield code="a">Rebeliones anticoloniales</subfield>
    <subfield code="9">47208</subfield>
  </datafield>
  <datafield tag="700" ind1=" " ind2=" ">
    <subfield code="a">Salas S&#xE1;nchez, Juan de la Cruz</subfield>
    <subfield code="9">11208</subfield>
  </datafield>
  <datafield tag="700" ind1=" " ind2=" ">
    <subfield code="a">Montufar de Medrano,  Felicia</subfield>
    <subfield code="9">47209</subfield>
  </datafield>
  <datafield tag="700" ind1=" " ind2=" ">
    <subfield code="a">Linares Guti&#xE9;rrez, Germ&#xE1;n</subfield>
    <subfield code="9">47210</subfield>
  </datafield>
  <datafield tag="700" ind1=" " ind2=" ">
    <subfield code="a">Uscamayta, Te&#xF3;filo</subfield>
    <subfield code="9">47211</subfield>
  </datafield>
  <datafield tag="942" ind1=" " ind2=" ">
    <subfield code="2">ddc</subfield>
    <subfield code="c">PP</subfield>
  </datafield>
  <datafield tag="945" ind1=" " ind2=" ">
    <subfield code="a">rac</subfield>
  </datafield>
  <datafield tag="952" ind1=" " ind2=" ">
    <subfield code="0">0</subfield>
    <subfield code="2">ddc</subfield>
    <subfield code="4">0</subfield>
    <subfield code="7">0</subfield>
    <subfield code="a">HEM</subfield>
    <subfield code="b">HEM</subfield>
    <subfield code="c">CART</subfield>
    <subfield code="d">2022-02-14</subfield>
    <subfield code="g">10.00</subfield>
    <subfield code="o">TupacAmaru/N&#xB0;5/1965</subfield>
    <subfield code="p">REVC000561</subfield>
    <subfield code="r">2022-02-14</subfield>
    <subfield code="y">PP</subfield>
  </datafield>
</record>
